|
|
|
|
| LEADER |
00965cam a2200265 7i4500 |
| 001 |
0000034622 |
| 005 |
20190919090000.0 |
| 007 |
##ta |
| 008 |
170912 |
| 020 |
# |
# |
|a 9789671359310
|
| 040 |
# |
# |
|a MATR
|
| 090 |
0 |
0 |
|a B 352.24092
|b DAT (LRM)
|
| 245 |
0 |
0 |
|a DATUK IR. HAMIM SAMURI :
|b DEPUTY MINISTER OF INTERNATIONAL TRADE & INDUSTRY, 13 MAY 2013 - 28 JULY 2015.
|
| 264 |
# |
1 |
|a Kuala Lumpur:
|b Ministry of International Trade and Industry,
|c 2015.
|
| 300 |
# |
# |
|a 110 pages:
|b color photographs;
|c 24 cm.
|
| 336 |
# |
# |
|a text
|2 rdacontent
|
| 336 |
# |
# |
|a photo
|2 rdacontent
|
| 337 |
# |
# |
|a unmediated
|2 rdamedia
|
| 338 |
# |
# |
|a volume
|2 rdacarrier
|
| 600 |
0 |
0 |
|a Hamaim Samuri,
|c Datuk Ir.
|
| 650 |
# |
0 |
|a Government executives --
|z Malaysia
|
| 650 |
# |
0 |
|a Politicians --
|z Malaysia
|
| 710 |
1 |
# |
|a Malaysia. Ministry of International Trade and Industry
|
| 999 |
|
|
|a 0000037041
|b Book
|c Malaysia
|e Business Information Centre
|
| 999 |
|
|
|a 0000037040
|b Book
|c Malaysia
|e Business Information Centre
|